Game of Thrones Logic Quiz Stats

Quiz not verified by Sporcle

Challenge
Share
Tweet
Score 0/25 Timer 20:00
0 Plays Today
Hint Answer % Correct
Viserys Targaryen



???
100%
Jaime Lannister



???
73.1%
Cersei Lannister



???
72%
Bronn



???
72%
Tywin Lannister



???
71.1%
Tyrion Lannister



???
70.4%
Ned Stark



???
69.5%
Theon Greyjoy



???
60.1%
Robb Stark



???
58.8%
Jon Snow



???
54.6%
Ramsey Snow



???
51%
Sansa Stark



???
48%
Varys



???
48%
Hint Answer % Correct
Gilly



???
38.1%
Bran Stark



???
35.3%
Arya Stark



???
33.8%
The Hound



???
33.7%
Loras Tyrell



???
29%
Gendry



???
27.3%
Margaery Tyrell



???
25.5%
Davos Seaworth



???
24.3%
Olenna Tyrell



???
23.6%
Stannis Baratheon



???
22.9%
Jorah Mormont



???
16.7%
Petyr Baelish



???
15.8%

You're not logged in!

Compare scores with friends on all Sporcle quizzes.
Sign Up with Email
OR
Log In

You Might Also Like...

Show Comments

Extras

Top Quizzes Today


Score Distribution

Your Account Isn't Verified!

In order to create a playlist on Sporcle, you need to verify the email address you used during registration. Go to your Sporcle Settings to finish the process.

Report this User

Report this user for behavior that violates our Community Guidelines.

Details: